Návrh interanetu na báze multi-layer prepínačov

Saved in:
Bibliographic Details
Main Author: Kolembus, Peter (Author)
Other Authors: Medvecký, Martin, 1968- (Thesis advisor)
Format: Manuscript Book
Language:Slovak
Published: Bratislava : STU v Bratislave FEI, 2001
Subjects:
Tags: Add Tag
No Tags, Be the first to tag this record!

MARC

LEADER 00000ntm a22000003a 4500
001 stu73578
005 20160719164812.5
008 020204s2001------------------------slo-d
040 |a STU  |b slo 
041 0 |a slo 
100 1 |a Kolembus, Peter  |4 aut 
245 1 |a Návrh interanetu na báze multi-layer prepínačov 
260 |a Bratislava :  |b STU v Bratislave FEI,  |c 2001 
300 |a 69 s 
650 7 |a informatika  |2 stusub 
700 1 |a Medvecký, Martin,  |d 1968-  |4 ths  |u E070  |U FEI Fakulta elektrotechniky a informatiky  |T FEI Ústav telekomunikácií  |X 1980  |U E070  |Y 818  |7 A000001980